Κατάλογος Βιβλιοθηκών Mediterranean College

Understanding Motor Development / Infants, Children, Adolescents, Adults (Record no. 2258)

MARC details
000 -LEADER
fixed length control field 01329cam a22002174a 4500
005 - ΗΜΕΡΟΜΗΝΙΑ ΚΑΙ ΩΡΑ ΤΕΛΕΥΤΑΙΑΣ ΕΝΗΜΕΡΩΣΗΣ
Πεδίο ελέγχου 20251230113756.0
008 - FIXED-LENGTH DATA ELEMENTS--GENERAL INFORMATION
Πεδίο ελέγχου σταθερού μήκους 250528s ||||||||||||||||||||||||d
035 ## - SYSTEM CONTROL NUMBER
System control number 16795
020 ## - ISBN
ISBN 71159924
040 ## - ΠΗΓΗ ΚΑΤΑΛΟΓΟΓΡΑΦΗΣΗΣ
Φορέας πρωτότυπης καταλογογράφησης MC Athens Campus Library
Γλώσσα καταλογογράφησης Ελληνικά, Μοντέρνα (1453-)
Modifying agency MC Athens Campus Library
Κανόνες περιγραφικής καταλογογράφησης AACR2
245 1# - ΤΙΤΛΟΣ ΚΑΙ ΔΗΛΩΣΗ ΥΠΕΥΘΥΝΟΤΗΤΑΣ
Τίτλος Understanding Motor Development / Infants, Children, Adolescents, Adults
250 ## - EDITION STATEMENT
Edition statement 4th
260 ## - PUBLICATION, DISTRIBUTION, ETC.
Name of publisher, distributor, etc. Mcgraw Hill,
Date of publication, distribution, etc. 1998
300 ## - PHYSICAL DESCRIPTION
Extent 544
520 ## - SUMMARY, ETC.
Summary, etc. Background, Models of Human Development, Factors Affecting Motor Development, Infancy, Prenatal and Infant Growth, Infant Reflexes and Rhythmical Stereotypies, Rudimentary Movement Abilities, Infant Perception, Childhood, Childhood Growth and Development, Fundamental Movement Abilities, Physical Development of Children, Childhood Perception and Perceptual-Motor Development, Childhood Self-Concept Development, Adolosence, Adolescent Growth and Puberty and Reproductive Maturity, Specialized Movement Abilities, Physical Development of Adolescents, Adolescent Socialization, Adulthood, Physiological Changes in Adults, Motor Performance in Adults, Psychological Development in Adults, Programming, Developmental Physical Activity: A Curricular Model, Assessing Motor Behavior.
700 1# - ΠΡΟΣΘΕΤΗ ΑΝΑΓΡΑΦΗ--ΦΥΣΙΚΟ ΠΡΟΣΩΠΟ
Personal name Gallahue, David L.
9 (RLIN) 2886
700 1# - ΠΡΟΣΘΕΤΗ ΑΝΑΓΡΑΦΗ--ΦΥΣΙΚΟ ΠΡΟΣΩΠΟ
Personal name Ozmun John C
9 (RLIN) 2887
942 ## - ADDED ENTRY ELEMENTS (KOHA)
Koha item type Books
Holdings
Τύπος τεκμηρίου Βιβλιοθήκη Τρέχουσα τοποθεσία Barcode Αριθμός εισαγωγής Ημερομηνία απόκτησης Ταξιθετικό σύμβολο Αριθμός αντιτύπου Κατάσταση απόσυρσης Κατάσταση χαμένου Κατάσταση κατεστραμμένου Μη δανεισμός Σύνολο δανεισμών Ημερομηνία τελευταίας εμφάνισης Η τιμή ισχύει από
Books MC Athens Campus Library MC Athens Campus Library 9780000022578 5040 05/06/2025 152.3 GAL 1           05/06/2025 05/06/2025

MC Athens Campus Library
Πατησίων 94 & Κοδριγκτώνος 13, 104 34
Πελλήνης 8 & Πατησίων 107, 112 51
Τ: +30 210 8899600

MC Thessaloniki Campus Library
Ίωνος Δραγούμη 21, 54625 | Ίωνος Δραγούμη 15, 54625
Τ: +30 2310 287779 – Τ: +30 2314 440300